[Event "Bolungarvik Open"]
[Site "Reykjavik ISL"]
[Date "2009.09.20"]
[Round "1"]
[White "Einarsson,H"]
[Black "Arngrimsson,D"]
[Result "0-1"]
[WhiteElo "2255"]
[BlackElo "2396"]

1.d4 d5 2.c4 c6 3.Nf3 Nf6 4.Nc3 dxc4 5.a4 Bf5 6.Nh4 Bg6 7.Nxg6 hxg6 8.e3 e6
9.Bxc4 Nbd7 10.a5 Rc8 11.h3 Qc7 12.Qb3 b5 13.axb6 axb6 14.e4 b5 15.Bd3 e5
16.dxe5 Nc5 17.Qc2 Qxe5 18.Be3 Ng4 19.Bxc5 Bxc5 20.Rf1 Nf6 21.f4 Qe7 22.O-O-O O-O
23.Kb1 Ra8 24.g4 Bb4 25.g5 Qa7 26.Qb3 Bxc3 27.Qxc3 b4 28.Qxb4 Rfb8 29.Qc3 Nxe4
30.Bxe4 Qa1+ 31.Kc2 Qa4+ 32.Kb1 Qxe4+ 33.Qd3 Qa4 34.Qd4 Rb4 35.Qe5 Rc4  0-1

[Event "Uxbridge Congress Open"]
[Site "Uxbridge ENG"]
[Date "2009.09.20"]
[Round "4"]
[White "Bonafont,P"]
[Black "Yurenok,M"]
[Result "1/2-1/2"]
[WhiteElo "2126"]
[BlackElo "1981"]

1.d4 d5 2.Nf3 Nf6 3.c4 c6 4.Nc3 dxc4 5.a4 Bf5 6.e3 e6 7.a5 Bb4 8.Qa4 Qe7
9.Bxc4 O-O 10.O-O Nbd7 11.Be2 h6 12.Bd2 Bd6 13.a6 b5 14.Qb3 Rac8 15.Rfc1 e5
16.dxe5 Nxe5 17.Nd4 Bd3 18.Nd5 cxd5 19.Bxd3 Nxd3 20.Qxd3 Qe5 21.g3 Ne4 22.Be1 Bb8
23.Qxb5 Ng5 24.Qd7 Rcd8 25.Qf5 Qxf5 26.Nxf5 Nf3+ 27.Kg2 Nxe1+ 28.Rxe1 Be5
29.Nd4 Bf6 30.Rec1 Rc8 31.Kf3 Rfd8 32.Ke2 Rxc1 33.Rxc1 Bxd4 34.exd4 Rd6 35.Ra1 Rb6
36.Ra2 Kf8 37.Kd2 Ke7 38.Kc3 Kd6 39.b4 Rc6+ 40.Kb3 Rc4 41.b5 Kc7 42.Re2 Kb6
43.Re7 Kxb5 44.Rxa7 Rxd4 45.Rxf7 Kxa6 46.Rxg7 Kb5 47.Kc3 Ra4 48.f4 Ra2 49.h4 Kc5
50.Rc7+ Kd6 51.Rh7 Ra3+ 52.Kd4 Rxg3 53.Rxh6+ Ke7 54.Kxd5 Re3 55.f5 Kf7 56.Rg6 Rh3
57.Rg4 Kf6 58.Ke4 Rh1 59.Rg6+ Kf7 60.Ra6 Rxh4+ 61.Ke5 Rb4 62.Ra7+ Kf8 63.Rd7 Rb5+
64.Ke6 Rb6+ 65.Rd6 Rxd6+ 66.Kxd6 Kf7 67.Ke5 Ke7 68.f6+ Kf8 69.Kf4 Kg8 70.Kg4 Kf7
71.Kf5 Kf8  1/2-1/2

[Event "TCh-SRB w"]
[Site "Pozarevac SRB"]
[Date "2009.09.21"]
[Round "8"]
[White "Urosevic,Ma"]
[Black "Stojanovic,Andj"]
[Result "0-1"]
[WhiteElo "2094"]
[BlackElo "2323"]

1.d4 d5 2.Nf3 Nf6 3.c4 c6 4.Nc3 dxc4 5.a4 Bf5 6.e3 e6 7.Bxc4 Bb4 8.O-O Nbd7
9.Qe2 Bg4 10.h3 Bxf3 11.Qxf3 O-O 12.Rd1 e5 13.Bb3 Qe7 14.Ne4 Rad8 15.a5 exd4
16.Nxf6+ Qxf6 17.Qxf6 Nxf6 18.exd4 a6 19.Bg5 Be7 20.Ra4 Rfe8 21.Kf1 Nd5 22.Bxe7 Rxe7
23.g3 Kf8 24.Re1 Red7 25.Re4 Nc7 26.Ke2 Nb5 27.Ke3 c5 28.d5 Nc7 29.Re5 Nxd5+
30.Bxd5 Rxd5 31.Rxd5 Rxd5 32.Rc4 Ke7 33.Ke4 Kd6 34.Ke3 Kc6 35.Re4 Rd7 36.b4 cxb4
37.Rxb4 Rd5 38.Ra4 Kb5 39.Ra1 Kc6 40.Ra2 h6 41.h4 b6 42.axb6 Kxb6 43.Ke4 Rd7
44.Rb2+ Kc5 45.Rb8 a5 46.Ra8 Kb6 47.Rb8+ Rb7 48.Ra8 Ra7 49.Rb8+ Kc6 50.Kd4 a4
51.Rc8+ Kd7 52.Rc2 a3 53.Ra2 Kc6 54.Kc4 Kd6 55.Kb3 Kd5 56.Kc3 Ke4 57.Kc4 Kf3
58.Kd4 Ra5 59.Kd3 f5 60.Kc4 f4 61.gxf4 Kxf4 62.Kb3 Kg4  0-1

[Event "XingQiu Open"]
[Site "Lishui CHN"]
[Date "2009.09.24"]
[Round "8"]
[White "Xiu Deshun"]
[Black "Zeng Chongsheng"]
[Result "1/2-1/2"]
[WhiteElo "2494"]
[BlackElo "2323"]

1.d4 d5 2.c4 c6 3.Nf3 Nf6 4.Nc3 dxc4 5.a4 Bf5 6.Ne5 Nbd7 7.Nxc4 Nb6 8.Ne5 a5
9.e3 h6 10.f3 Nfd7 11.e4 Bh7 12.Qb3 Nxe5 13.dxe5 e6 14.Be3 Bb4 15.Be2 Nd7
16.O-O Bc5 17.Nd1 Qc7 18.Bxc5 Nxc5 19.Qa3 Qxe5 20.Ne3 Qd4 21.Bc4 Nd7 22.Rac1 Qc5
23.Bxe6 Qxa3 24.Bxd7+ Kxd7 25.bxa3 Rhd8 26.Rb1 Kc7 27.Rfc1 f6 28.Rb2 Bg8
29.Kf2 Be6 30.Nd1 Rd3 31.Nc3 Rad8 32.Rcb1 Rd2+ 33.Ne2 Rxb2 34.Rxb2 Rd1 35.Rc2 Bb3
36.Rc3 Bxa4 37.Nf4 b5 38.Ke3 Kb6 39.Nd3 Rb1 40.f4 Bb3 41.f5 b4 42.axb4 a4
43.Nc5 a3 44.Rxb3 a2 45.Ra3 a1=Q 46.Rxa1 Rxa1 47.Ne6 Ra3+ 48.Kf4 Ra7 49.g4 Rd7
50.e5 Kb5 51.Nxg7 Rxg7 52.exf6 Rg5 53.Ke5 Rg7 54.h3 Kxb4  1/2-1/2

[Event "18th TCh-CRO"]
[Site "Sibenik CRO"]
[Date "2009.09.24"]
[Round "4"]
[White "Dizdar,G"]
[Black "Jovanic,O"]
[Result "1-0"]
[WhiteElo "2563"]
[BlackElo "2543"]

1.d4 d5 2.c4 c6 3.Nf3 Nf6 4.Nc3 dxc4 5.a4 Bf5 6.Ne5 Nbd7 7.Nxc4 Qc7 8.Bg5 e5
9.e3 exd4 10.Bf4 Qd8 11.Qxd4 Nb6 12.Nd6+ Bxd6 13.Bxd6 Qd7 14.Nb5 Nbd5 15.Ba3 Bg6
16.Nd6+ Kd8 17.Be2 b6 18.O-O c5 19.Qe5 Qe6 20.Qg3 Ke7 21.Nc4 Rhe8 22.Ne5 Bf5
23.Bb5 Rec8 24.Ba6 Rg8 25.f3 Nh5 26.Qg5+ f6 27.Qxh5 Qxe5 28.e4 Ne3 29.exf5 Nxf1
30.Bxf1 Rad8 31.a5 h6 32.axb6 axb6 33.Kh1 Rd4 34.Qg6 Kd6 35.b4 Rxb4 36.Rd1+ Rd4
37.Rb1 Ra4 38.Qf7 Rb8 39.Bb5 Qxf5 40.Rd1+  1-0

[Event "18th TCh-CRO w"]
[Site "Sibenik CRO"]
[Date "2009.09.25"]
[Round "5"]
[White "Medic,Mir"]
[Black "Bazaj,I"]
[Result "1-0"]
[WhiteElo "2322"]
[BlackElo "2273"]

1.d4 d5 2.c4 c6 3.Nf3 Nf6 4.Nc3 dxc4 5.a4 Bf5 6.e3 e6 7.Bxc4 Bb4 8.O-O O-O
9.Qe2 Bg6 10.Ne5 Bh5 11.f3 Nbd7 12.Nd3 Bd6 13.e4 e5 14.d5 Nb6 15.Ba2 cxd5
16.exd5 Re8 17.Bg5 h6 18.Bxf6 Qxf6 19.Ne4 Qe7 20.a5 Nd7 21.Nxd6 Qxd6 22.Qf2 Nf6
23.Qc5 Qd7 24.Rae1 b6 25.Qc6 Qf5 26.Bb1 Rac8 27.Qb7 Qd7 28.Qxd7 Nxd7 29.axb6 axb6
30.Nb4 Rc5 31.Rc1 Kf8 32.Bf5 Nb8 33.Rxc5 bxc5 34.Nc6 Bg6 35.Bxg6 fxg6 36.Rc1 Nd7
37.Re1 Kf7 38.Kf2 g5 39.Ra1 Nf6 40.Ra7+ Kf8 41.d6 Rc8 42.Rc7 Ra8 43.d7 Nxd7
44.Rxd7 Ra2 45.Rd2  1-0

[Event "TCh-ROU Superliga"]
[Site "Eforie Nord ROU"]
[Date "2009.09.26"]
[Round "8"]
[White "Dumitrache,D"]
[Black "Ionesi,C"]
[Result "1/2-1/2"]
[WhiteElo "2477"]
[BlackElo "2293"]

1.d4 d5 2.c4 c6 3.Nf3 Nf6 4.Nc3 dxc4 5.a4 Bf5 6.e3 e6 7.Bxc4 Bb4 8.O-O O-O
9.Qe2 Bg4 10.Rd1 Nbd7 11.e4 Bxf3 12.Qxf3 e5 13.Na2 Bd6 14.Be3 exd4 15.Bxd4 Qe7
16.Nc3 Ne5 17.Qe2 Nxc4 18.Qxc4 Ng4 19.h3 Ne5 20.Qe2 Rfd8 21.g3 Bc5 22.Bxc5  1/2-1/2

[Event "TCh-ROU w Superliga"]
[Site "Eforie Nord ROU"]
[Date "2009.09.26"]
[Round "8"]
[White "Motoc,A"]
[Black "Sevastian,I"]
[Result "1-0"]
[WhiteElo "2316"]
[BlackElo "1832"]

1.d4 d5 2.c4 c6 3.Nf3 Nf6 4.Nc3 dxc4 5.a4 Bf5 6.e3 e6 7.Bxc4 Nbd7 8.O-O Be7
9.Qe2 Nb6 10.Bb3 O-O 11.e4 Bg4 12.Rd1 Qc7 13.h3 Bh5 14.g4 Bg6 15.Ne5 Bb4
16.Bf4 Qe7 17.Bg5 Qd6 18.Nxg6  1-0

[Event "TCh-ROU Superliga"]
[Site "Eforie Nord ROU"]
[Date "2009.09.26"]
[Round "8"]
[White "Fressinet,L"]
[Black "Solak,D"]
[Result "1/2-1/2"]
[WhiteElo "2658"]
[BlackElo "2583"]

1.d4 d5 2.c4 c6 3.Nf3 Nf6 4.Nc3 dxc4 5.a4 Bf5 6.Ne5 e6 7.f3 Bb4 8.Nxc4 O-O
9.Kf2 b5 10.axb5 cxb5 11.Nxb5 Nc6 12.e3 Qb8 13.Nc3 e5 14.d5 Rd8 15.Qa4 Ne7
16.d6 Bxd6 17.Nxd6 Rxd6 18.Be2 e4 19.Rf1 Bd7 20.Qa3 exf3 21.Bxf3 Ng4+ 22.Bxg4 Bxg4
23.Kg1 Nd5 24.Nxd5 Rxd5 25.e4 Rb5 26.Qe7 Qb6+ 27.Kh1 Be6 28.Ra3 Qb7  1/2-1/2

[Event "TCh-ISL 2009-10"]
[Site "Rekjavik ISL"]
[Date "2009.09.26"]
[Round "2"]
[White "Hoffmann,Micha1"]
[Black "Arnarsson,S"]
[Result "1-0"]
[WhiteElo "2513"]
[BlackElo "1961"]

1.d4 d5 2.c4 c6 3.Nf3 Nf6 4.Nc3 dxc4 5.a4 Bf5 6.Ne5 e6 7.f3 Bb4 8.e4 Bxe4
9.fxe4 Nxe4 10.Bd2 Qxd4 11.Nxe4 Qxe5 12.Bxb4 Na6 13.Bc3 Qxe4+ 14.Qe2 Qxe2+
15.Bxe2 O-O 16.Bxc4 Nc7 17.Ke2 Rfd8 18.b4 Rd7 19.b5 Nd5 20.Bd2 cxb5 21.axb5 b6
22.Rhc1 h6 23.Ra2 Rc8 24.Bxd5 Rxc1 25.Bxe6 fxe6 26.Bxc1 Rd5 27.Rxa7 Rxb5
28.Be3 Kh7 29.Rb7 Rb2+ 30.Kf3 Rb5 31.Rxb6 Rf5+ 32.Ke4 Rf6 33.Ke5  1-0

[Event "TCh-ISL 2009-10"]
[Site "Rekjavik ISL"]
[Date "2009.09.26"]
[Round "2"]
[White "Halldorsson,J"]
[Black "Bjornsson,G"]
[Result "0-1"]
[WhiteElo "2202"]
[BlackElo "2123"]

1.d4 Nf6 2.Nf3 d5 3.c4 c6 4.Nc3 dxc4 5.a4 Bf5 6.e3 e6 7.Bxc4 Bb4 8.O-O Nbd7
9.Qb3 a5 10.h3 O-O 11.Nh4 Qe7 12.Nxf5 exf5 13.Na2 Nb6 14.Bd3 Ne4 15.Nxb4 axb4
16.f3 Ng3 17.Re1 f4 18.Bd2 Rfd8 19.Bxb4 Qf6 20.Bc3 Nd5 21.e4 Ne3 22.Kh2 Qg5
23.Rxe3 fxe3 24.Be1 Nh5 25.g4 Nf4 26.Bc4 Ne6 27.Bxe6 fxe6 28.Qxe6+ Kh8 29.Qe5 Qxe5+
30.dxe5 e2  0-1

[Event "TCh-ISL 2009-10"]
[Site "Rekjavik ISL"]
[Date "2009.09.26"]
[Round "3"]
[White "Traustason,I"]
[Black "Arngrimsson,D"]
[Result "0-1"]
[WhiteElo "1788"]
[BlackElo "2396"]

1.d4 d5 2.c4 c6 3.Nf3 Nf6 4.Nc3 dxc4 5.a4 Bf5 6.Ne5 Nbd7 7.Nxc4 Nb6 8.e3 e6
9.Be2 Be7 10.O-O O-O 11.Ne5 Nbd5 12.f3 Nb4 13.e4 Bg6 14.Be3 Nd7 15.Nxg6 hxg6
16.Qb3 a5 17.Rad1 Qc7 18.d5 exd5 19.exd5 Bd6 20.f4 Rae8 21.Rf3 Rxe3 22.Rxe3 Qb6
23.Ne4 Bxf4 24.Kf2 Bxe3+ 25.Qxe3 Qxe3+ 26.Kxe3 Nxd5+ 27.Kd4 Re8 28.Bc4 N7b6
29.Bb3 Re7 30.Rf1 Kf8 31.Rf2 f6 32.g4 Ke8 33.Bd1 Kd8 34.b3 Kc7 35.Be2 g5
36.Bd3 Nd7 37.h3 Ne5 38.Bf1 b6 39.Ng3 Rd7 40.Nf5 c5+  0-1

[Event "TCh-ISL 2009-10"]
[Site "Rekjavik ISL"]
[Date "2009.09.26"]
[Round "3"]
[White "Einarsson,B"]
[Black "Bjornsson,G"]
[Result "1-0"]
[WhiteElo "2210"]
[BlackElo "2123"]

1.d4 d5 2.c4 c6 3.Nc3 Nf6 4.Nf3 dxc4 5.a4 Bf5 6.e3 e6 7.Bxc4 Bb4 8.O-O Nbd7
9.Qe2 O-O 10.Rd1 Bg6 11.Bd3 Bh5 12.h3 Qe7 13.e4 e5 14.Be3 a5 15.Rac1 Rfe8
16.Bb1 Rad8 17.d5 cxd5 18.Nxd5 Nxd5 19.Rxd5 Nf6 20.Rxd8 Qxd8 21.Bg5 Qb6 22.Bxf6 gxf6
23.g4 Bg6 24.Ba2 Bc5 25.Bd5 Rd8 26.Nh4 Bd4 27.b3 Rxd5 28.exd5 Qxb3 29.Qf3 Qb2
30.Rc8+ Kg7 31.Nf5+ Bxf5 32.gxf5 Qd2 33.Qg3+ Kh6 34.Rg8 Qe1+ 35.Kg2 Qe4+
36.Kh2 Kh5 37.Rg4  1-0

[Event "18th TCh-CRO b"]
[Site "Sibenik CRO"]
[Date "2009.09.28"]
[Round "8"]
[White "Gagarin,V"]
[Black "Skoberne,J"]
[Result "1/2-1/2"]
[WhiteElo "2422"]
[BlackElo "2499"]

1.d4 d5 2.c4 c6 3.Nf3 Nf6 4.Nc3 dxc4 5.a4 Bf5 6.e3 e6 7.a5 Bd3 8.Bxd3 cxd3
9.Qb3 Qc7 10.e4 Na6 11.O-O Bb4 12.e5 Nd5 13.Ne4 Be7 14.Qxd3 f5 15.exf6 gxf6
16.Nc3 Qd7 17.Re1 O-O-O 18.Qe2 Bb4 19.Bd2 Rde8 20.Ne4 Bxd2 21.Qxd2 Rhg8 22.Ng3 Re7
23.Re4 Qd6 24.Rae1 Rge8 25.Rh4 Qb4 26.Qxb4 Naxb4 27.Ne4 Kc7 28.Rh6 Nd3 29.Re2 Rf8
30.Rd2 Nc1 31.Nc5 b6 32.axb6+ axb6 33.Rc2 Na2 34.Ne4 Nab4 35.Rc1  1/2-1/2

[Event "18th TCh-CRO"]
[Site "Sibenik CRO"]
[Date "2009.09.28"]
[Round "8"]
[White "Dizdar,G"]
[Black "Rogic,D"]
[Result "1/2-1/2"]
[WhiteElo "2563"]
[BlackElo "2542"]

1.d4 d5 2.c4 c6 3.Nf3 Nf6 4.Nc3 dxc4 5.a4 Bf5 6.Ne5 Nbd7 7.Nxc4 Nb6 8.Ne5 a5
9.f3 Nfd7 10.e4 Nxe5 11.dxe5 Qxd1+ 12.Kxd1 Be6 13.Kc2 f6 14.Rb1 Nd7 15.b4 Nxe5
16.bxa5 Bc8 17.a6 bxa6 18.a5 e6 19.Na4 Be7 20.Nb6 Rb8 21.Nxc8 Rxc8 22.Bd2 Ra8
23.Rb6 Bc5 24.Rxa6 Kd7 25.Rxa8 Rxa8 26.Be2 Kc7 27.Bc3 Nf7 28.Rb1 e5 29.a6 Nd6
30.Bd3 Nb5 31.Bxb5 cxb5 32.Rxb5 Bb6 33.Ba5 Rxa6 34.Bxb6+  1/2-1/2

[Event "18th TCh-CRO"]
[Site "Sibenik CRO"]
[Date "2009.09.28"]
[Round "8"]
[White "Bilobrk,F"]
[Black "Petrov,J"]
[Result "1-0"]
[WhiteElo "2361"]
[BlackElo "2436"]

1.d4 d5 2.c4 c6 3.Nf3 Nf6 4.Nc3 dxc4 5.a4 Bf5 6.Ne5 Nbd7 7.Nxc4 Nb6 8.Ne5 a5
9.f3 g6 10.e4 Be6 11.d5 cxd5 12.Bb5+ Bd7 13.Nxd7 Nbxd7 14.e5 Nh5 15.Nxd5 Bg7
16.Bg5 f6 17.Be3 O-O 18.e6 Ne5 19.Bc5 Nc6 20.Nxe7+ Nxe7 21.Qxd8 Rfxd8 22.Bxe7 Re8
23.Bxe8 Rxe8 24.Ba3 Rxe6+ 25.Kd2 Bh6+ 26.Kc2 Re2+ 27.Kb3 Rxg2 28.Rad1 Bf4
29.Rd7 Rd2 30.Rxd2 Bxd2 31.Rd1 Bf4 32.Bd6 g5 33.Kc4 Kf7 34.Bxf4 Nxf4 35.Rd7+ Kg6
36.Rxb7 h5 37.b4  1-0

[Event "IMA"]
[Site "Zdar nad Sazavou CZE"]
[Date "2009.09.29"]
[Round "5"]
[White "Volodin,V"]
[Black "Bartos,J"]
[Result "1/2-1/2"]
[WhiteElo "2198"]
[BlackElo "2249"]

1.Nf3 d5 2.d4 Nf6 3.c4 c6 4.Nc3 dxc4 5.a4 Bf5 6.Ne5 e6 7.f3 c5 8.dxc5 Qxd1+
9.Nxd1 Bxc5 10.e4 Bg6 11.Bxc4 Nbd7 12.Nxd7 Nxd7 13.Be3 Rc8 14.Kf2  1/2-1/2

[Event "10th Veselin Boskovic Mem"]
[Site "Beograd SRB"]
[Date "2009.10.03"]
[Round "8.1"]
[White "Ivanisevic,I"]
[Black "Perunovic,Mil"]
[Result "1-0"]
[WhiteElo "2614"]
[BlackElo "2572"]

1.d4 d5 2.c4 c6 3.Nc3 Nf6 4.Nf3 dxc4 5.a4 Bf5 6.Ne5 Nbd7 7.Nxc4 Nb6 8.Ne5 a5
9.e3 g6 10.Bd3 Bxd3 11.Nxd3 Nbd5 12.Qb3 Qb6 13.Qxb6 Nxb6 14.Ke2 Bg7 15.Bd2 Nfd7
16.f4 O-O 17.Rhb1 Nc4 18.Be1 Rfc8 19.Ra2 e6 20.Nc5 Rc7 21.N3e4 b6 22.Nd3 f5
23.Ng5 Re8 24.b3 Nd6 25.Rc2 h6 26.Nf3 Rec8 27.Rbc1 Ne4 28.Nd2 Nxd2 29.Bxd2 Bf8
30.Be1 Ba3 31.Ra1 Bd6 32.Rac1 Ba3 33.Rd1 Kf7 34.Ne5+ Nxe5 35.dxe5 Ke8 36.Bf2 Bc5
37.e4 Bxf2 38.Kxf2 Rd8 39.Rd6 Ke7 40.exf5 gxf5 41.Rcxc6 Rxc6 42.Rxc6 Rd2+
43.Kf1 Rd4 44.g3 Rb4 45.Rc7+ Ke8 46.Rc3 h5 47.Kg2 h4 48.Kh3 hxg3 49.hxg3 Kf7
50.Kh4 Kg6 51.Rc6 Kf7 52.Rc7+ Ke8 53.Kg5 Kd8 54.Rg7 Rxb3 55.Kf6 Rb4 56.Kxe6 Rxa4
57.g4 fxg4 58.f5 Rf4 59.f6  1-0

[Event "FSGM October"]
[Site "Budapest HUN"]
[Date "2009.10.04"]
[Round "2"]
[White "Solomon,K"]
[Black "Esen,B"]
[Result "0-1"]
[WhiteElo "2369"]
[BlackElo "2494"]

1.d4 d5 2.Nf3 Nf6 3.c4 c6 4.Nc3 dxc4 5.a4 Bf5 6.Ne5 Nbd7 7.Nxc4 Qc7 8.Qd2 Nb6
9.Ne5 e6 10.f3 Nbd7 11.e4 Bg6 12.Nc4 e5 13.d5 Bc5 14.dxc6 bxc6 15.Bd3 O-O
16.Qe2 Rab8 17.g3 Rfd8 18.Ne3 Nf8 19.Bc4 Qe7 20.Nf5 Bxf5 21.exf5 Qd7 22.g4 Nd5
23.Ne4 Bd4 24.Ra2 Nb6 25.Bg5 Nxc4 26.Bxd8 Qd5 27.Bg5 Nxb2 28.Ra3 Nc4 29.Rd3 Rb2
30.Qd1 Qa5+ 31.Bd2 Qa6 32.Bc1 c5 33.h4 Ra2 34.Qb3 Rxa4 35.Rh2 Ra1 36.Rd1 Nd6
37.Nxd6 Qxd6 38.Ra2 e4 39.f4 Rxc1 40.Rxc1 Qxf4 41.Qc4 Qxg4 42.Rxa7 Qxh4+
43.Kd1 Qg4+ 44.Kc2 Qg2+ 45.Kb3 Qf3+ 46.Ka4 Qxf5 47.Rf1 Qe6 48.Qxe6 Nxe6 49.Raxf7 h6
50.Re7 Ng5 51.Kb5 Kh7 52.Kc4 Kg6 53.Kd5 h5 54.Rh1 e3 55.Ra7 Nh7 56.Rg1+ Kf5
57.Rf1+ Kg4 58.Ke4 Ng5+ 59.Kd3 h4 60.Ra2 h3  0-1

[Event "17th TCh-Eur"]
[Site "Novi Sad SRB"]
[Date "2009.10.22"]
[Round "1"]
[White "Esen,B"]
[Black "Balogh,C"]
[Result "0-1"]
[WhiteElo "2494"]
[BlackElo "2620"]

1.d4 d5 2.c4 c6 3.Nf3 Nf6 4.Nc3 dxc4 5.a4 Bf5 6.Ne5 Nbd7 7.Nxc4 Qc7 8.g3 e5
9.dxe5 Nxe5 10.Bf4 Nfd7 11.Bg2 f6 12.O-O O-O-O 13.Nxe5 Nxe5 14.Qb3 Qf7 15.Qxf7 Nxf7
16.a5 a6 17.Na4 Bd6 18.Be3 Ne5 19.Rfc1 Kb8 20.h3 Bb4 21.Nc3 Be6 22.Ra4 c5
23.Ne4 Bb3 24.Raa1 c4 25.Bc5 Nc6 26.Bxb4 Nxb4 27.Nc5 Nc2 28.Rab1 Ba2 29.Rxc2 Bxb1
30.Rxc4 Rd2 31.Kh2 Rc8 32.b4 Rc7 33.h4 Ka7 34.Bf3 Bg6 35.g4 Be8 36.Kg3 Bb5
37.Re4 Bc6 38.Re6 Bxf3 39.Kxf3 Rd4 40.Nd3 Rcc4 41.g5 Rxh4 42.gxf6 gxf6 43.Rxf6 h5
44.Rh6 Rc3 45.Ke3 Rxb4 46.Kd2 Rbc4 47.Rxh5 Ra3 48.Ke3 Raa4 49.f4 Rxa5 50.Rh2 Rb5
51.Rf2 Ra5 52.Ne1  0-1

[Event "WJun"]
[Site "Puerto Madryn ARG"]
[Date "2009.10.22"]
[Round "1"]
[White "Lalith,B"]
[Black "Dole,A"]
[Result "1-0"]
[WhiteElo "2477"]
[BlackElo "2068"]

1.Nf3 d5 2.d4 Nf6 3.c4 c6 4.Nc3 dxc4 5.a4 Bf5 6.Ne5 Nbd7 7.Nxc4 Qc7 8.g3 e5
9.dxe5 Nxe5 10.Bf4 Nfd7 11.Bg2 g5 12.Ne3 gxf4 13.Nxf5 O-O-O 14.O-O fxg3 15.hxg3 h5
16.Qd4 Bc5 17.Qf4 Rdg8 18.Ne4 Rg4 19.Qd2 h4 20.Nxc5 Nxc5 21.Qe3 b6 22.a5 Kb8
23.axb6 axb6 24.f4 Ned7 25.Qa3 Kc8 26.Ne7+ Kd8 27.Nxc6+ Qxc6 28.Bxc6 Rxg3+
29.Qxg3 hxg3 30.Ra8+  1-0

[Event "Chigorin Mem Open"]
[Site "St Petersburg RUS"]
[Date "2009.10.23"]
[Round "8"]
[White "Babujian,L"]
[Black "Deviatkin,A"]
[Result "0-1"]
[WhiteElo "2474"]
[BlackElo "2593"]

1.d4 d5 2.c4 c6 3.Nc3 Nf6 4.Nf3 dxc4 5.a4 Bf5 6.e3 e6 7.Bxc4 Bb4 8.O-O O-O
9.Nh4 Nbd7 10.Nxf5 exf5 11.Qc2 Nb6 12.Bd3 g6 13.a5 Nbd5 14.a6 b6 15.f3 Bd6
16.Nxd5 cxd5 17.Bd2 Rc8 18.Qb3 Qc7 19.Kh1 Bxh2 20.f4 Bg3 21.Rf3 Nh5 22.Qxd5 Qe7
23.Kg1 Rfd8 24.Qb5 Qh4 25.Rxg3 Nxg3 26.Re1 Qh1+ 27.Kf2 Qh2 28.Qb4 Re8 29.d5 Rc5
30.Qd4 Qh4 31.Kg1 Re4 32.Bxe4 Qh1+ 33.Kf2 Nxe4+ 34.Qxe4 Qxe1+ 35.Bxe1 fxe4
36.d6 Rd5 37.Bb4 f5 38.Kg3 Kf7 39.Kh4 h6  0-1

[Event "17th TCh-Eur"]
[Site "Novi Sad SRB"]
[Date "2009.10.24"]
[Round "3"]
[White "Gyimesi,Z"]
[Black "Gagunashvili,M"]
[Result "1/2-1/2"]
[WhiteElo "2594"]
[BlackElo "2580"]

1.d4 d5 2.c4 c6 3.Nf3 Nf6 4.Nc3 dxc4 5.a4 Bf5 6.Ne5 Na6 7.e3 Nb4 8.Bxc4 e6
9.O-O Bd6 10.Qe2 Nc2 11.Rb1 Nd5 12.Nxd5 exd5 13.Bd3 Bxd3 14.Nxd3 Nb4 15.Nxb4 Bxb4
16.Bd2 Qa5  1/2-1/2

[Event "WJun"]
[Site "Puerto Madryn ARG"]
[Date "2009.10.24"]
[Round "4"]
[White "Schiendorfer,E"]
[Black "Yilmaz,M"]
[Result "0-1"]
[WhiteElo "2311"]
[BlackElo "2475"]

1.d4 d5 2.c4 c6 3.Nc3 Nf6 4.Nf3 dxc4 5.a4 Bf5 6.e3 e6 7.Bxc4 Bb4 8.O-O O-O
9.Qe2 Bg4 10.h3 Bh5 11.Rd1 Nbd7 12.e4 Qe7 13.g4 Bg6 14.Bd3 h6 15.Bf4 Ba5
16.Bg3 Rac8 17.Rac1 Qb4 18.Bb1 Nb6 19.Ne5 Bh7 20.Nd3 Qe7 21.Nc5 Rfd8 22.Na2 Na8
23.b4 Bb6 24.Nc3 a5 25.bxa5 Bxa5 26.Bh4 e5 27.Bxf6 gxf6 28.Nb3 exd4 29.Nxd4 Qe5
30.Nf3 Qf4 31.Bd3 Nc7 32.Na2 Ne6 33.Rc4 Bb6 34.e5 Qg3+ 35.Kf1 Qxh3+ 36.Kg1 Bxd3
37.Rxd3 Rxd3 38.Qxd3 Qg3+ 39.Kh1 Bxf2  0-1

[Event "17th TCh-Eur"]
[Site "Novi Sad SRB"]
[Date "2009.10.25"]
[Round "4"]
[White "Sanikidze,T"]
[Black "Perunovic,Mil"]
[Result "1-0"]
[WhiteElo "2600"]
[BlackElo "2572"]

1.d4 d5 2.c4 c6 3.Nf3 Nf6 4.Nc3 dxc4 5.a4 Bf5 6.Ne5 Nbd7 7.Nxc4 Nb6 8.Ne5 a5
9.e3 g6 10.Bd3 Be6 11.O-O Bg7 12.h3 O-O 13.Qe2 Nbd5 14.Bc4 Rc8 15.e4 Nc7
16.Rd1 Bxc4 17.Nxc4 Na6 18.Bf4 Nb4 19.Rac1 Nh5 20.Be3 e6 21.e5 f5 22.exf6 Nxf6
23.Bg5 h6 24.Qxe6+ Kh7 25.Bh4 g5 26.Bg3 Nh5 27.Bd6 Re8 28.Qf5+ Kg8 29.Qxa5 Nd5
30.Nxd5 cxd5 31.Qxd5+ Kh8 32.Ne5 Qf6 33.Rxc8 Rxc8 34.Qxb7  1-0

[Event "17th TCh-Eur"]
[Site "Novi Sad SRB"]
[Date "2009.10.28"]
[Round "7"]
[White "Ivanisevic,I"]
[Black "Smeets,J"]
[Result "1/2-1/2"]
[WhiteElo "2614"]
[BlackElo "2642"]

1.d4 d5 2.c4 c6 3.Nf3 Nf6 4.Nc3 dxc4 5.a4 Bf5 6.Ne5 e6 7.f3 Bb4 8.Bg5 c5
9.dxc5 Qxd1+ 10.Kxd1 Nbd7 11.Nxd7 Nxd7 12.e4 Bg6 13.Bxc4 Rc8 14.Bb5 f6 15.Be3 Bxc5
16.Bxc5 Rxc5 17.Kc2 Ke7 18.Rhd1 Ne5 19.Rd2 Rhc8 20.Rad1 a6 21.Be2 Be8 22.Kb3 Nc6
23.Ka3 b5 24.Na2 bxa4 25.Nc3 Rb8 26.Nxa4 Ra5 27.b3 e5 28.Rc1 Nd4 29.Bd1 Bxa4
30.bxa4 Kd6 31.Rd3 Rc5 32.Rxc5 Kxc5 33.Rc3+ Kd6 34.Bc2 a5 35.Bd3 Rb7 36.Ka2 Rb4
37.Ka3 g5 38.Bc2 h5 39.Bb3 h4 40.Ba2 Rb7 41.Bb3 Rb6 42.h3 Rc6 43.Bc4 Rc7
44.Ka2 Rb7 45.Bb3 Rb4 46.Ka3 Rb6 47.Ba2 Rc6 48.Bc4 Rc5 49.Kb2 Rc8 50.Ka3 Rc7
51.Ka2 Rb7 52.Bb3 Rb4 53.Ka3 Rb7 54.Ba2 Rc7 55.Bc4 Rc6 56.Ka2 Rb6 57.Bb3 Rb4  1/2-1/2

[Event "17th TCh-Eur"]
[Site "Novi Sad SRB"]
[Date "2009.10.28"]
[Round "7"]
[White "Ernst,S"]
[Black "Perunovic,Mil"]
[Result "1-0"]
[WhiteElo "2589"]
[BlackElo "2572"]

1.d4 d5 2.c4 c6 3.Nf3 Nf6 4.Nc3 dxc4 5.a4 Bf5 6.Ne5 Nbd7 7.Nxc4 Nb6 8.Ne5 a5
9.f3 Nfd7 10.e4 Nxe5 11.dxe5 Qxd1+ 12.Kxd1 Be6 13.Kc2 Bc4 14.Be3 Bxf1 15.Rhxf1 Nd7
16.e6 fxe6 17.Rab1 e5 18.b4 e6 19.bxa5 Bc5 20.Nd1 O-O-O 21.Bg5 Rde8 22.Nb2 Bd4
23.Nc4 Kc7 24.Bh4 h5 25.Rfd1 Nc5 26.Rb4 Na6 27.Rbb1 Nc5 28.Rb4 Na6 29.Rb6 Bxb6
30.axb6+ Kb8 31.Nxe5 g5 32.Bxg5 h4 33.Rd4 Rhg8 34.f4 c5 35.Rd7 c4 36.Rd4 Rc8
37.Kc3 Nc5 38.a5 Nb3 39.Rd1 Ka8 40.h3 Nc5 41.Rd4 Nb3 42.Rxc4 Nxa5 43.Rxc8+ Rxc8+
44.Kd3 Nc6 45.Nxc6 bxc6 46.f5 Kb7 47.f6 Rd8+ 48.Kc4 Kxb6 49.Be3+ Kc7 50.Bc5 Rd7
51.Be7 Rxe7 52.fxe7 Kd7 53.Kc5 e5 54.e8=Q+ Kxe8 55.Kxc6  1-0

[Event "8th TCh-Eur w"]
[Site "Novi Sad SRB"]
[Date "2009.10.29"]
[Round "8"]
[White "Socko,M"]
[Black "Paehtz,E"]
[Result "0-1"]
[WhiteElo "2476"]
[BlackElo "2482"]

1.d4 d5 2.c4 c6 3.Nf3 Nf6 4.Nc3 dxc4 5.a4 Bf5 6.e3 e6 7.Bxc4 Bb4 8.O-O O-O
9.Nh4 Qe7 10.Nxf5 exf5 11.Qc2 g6 12.f3 c5 13.Na2 Ba5 14.dxc5 Nc6 15.Rb1 Nb4
16.Qc3 Nxa2 17.Qxa5 Nxc1 18.Re1 Nb3 19.Bxb3 Rfc8 20.Rbc1 b6 21.Qa6 bxc5 22.e4 fxe4
23.fxe4 Qe5 24.Rcd1 c4 25.Bxc4 Ng4 26.g3 Qc5+ 27.Kg2 Kg7 28.b3 Rc6 29.Qb5 Qf2+
30.Kh3 Qxh2+ 31.Kxg4 h5+ 32.Kf4 Qf2+ 33.Ke5 Qf6+  0-1

[Event "17th TCh-Eur"]
[Site "Novi Sad SRB"]
[Date "2009.10.29"]
[Round "8"]
[White "Rees,I"]
[Black "Arngrimsson,D"]
[Result "1-0"]
[WhiteElo "2336"]
[BlackElo "2396"]

1.d4 d5 2.Nf3 Nf6 3.c4 c6 4.Nc3 dxc4 5.a4 Bf5 6.Ne5 Nbd7 7.Nxc4 Nb6 8.Ne5 a5
9.f3 Nfd7 10.e4 Nxe5 11.dxe5 Be6 12.Qc2 Qd4 13.Qf2 Qxf2+ 14.Kxf2 g6 15.Ne2 Bg7
16.f4 Rd8 17.Be3 Nc4 18.Rb1 Nxe3 19.Kxe3 g5 20.g3 gxf4+ 21.gxf4 f6 22.Nd4 Bc8
23.e6 Rxd4 24.Kxd4 Bxe6 25.f5 Ba2 26.Ra1 e5+ 27.Kc3 Bf7 28.Bc4 Bf8 29.Bxf7+ Kxf7
30.Rad1 Ke8 31.Rhg1 h5 32.Rd3 Rh7 33.Rg6 Be7 34.Kc4 b6 35.Rb3 Bc5 36.Rxf6 Rd7
37.Rd3 b5+ 38.Kc3 Bd4+ 39.Kb3 Rb7 40.Re6+ Kf7 41.Rxc6 bxa4+ 42.Kxa4 Rxb2
43.Rc7+ Kf6 44.Rg3 Rb4+ 45.Kxa5  1-0

[Event "17th TCh-Eur"]
[Site "Novi Sad SRB"]
[Date "2009.10.30"]
[Round "9"]
[White "Muir,A"]
[Black "Pikula,D"]
[Result "0-1"]
[WhiteElo "2327"]
[BlackElo "2562"]

1.d4 d5 2.c4 c6 3.Nf3 Nf6 4.Nc3 dxc4 5.a4 Bf5 6.Ne5 Nbd7 7.Nxc4 Nb6 8.Ne5 a5
9.g3 e6 10.Bg2 Bb4 11.O-O O-O 12.e3 h6 13.Qe2 Bh7 14.Rd1 Qe7 15.e4 Nfd7 16.Nd3 Rfd8
17.Bf4 f6 18.Bc7 Rdc8 19.Bf4 e5 20.dxe5 fxe5 21.Bd2 Bd6 22.f4 Kh8 23.Be3 Bc7
24.b3 exf4 25.gxf4 Re8 26.Qf2 Nc8 27.e5 Rf8 28.Qe2 Qe6 29.Ne4 b6 30.Ndf2 Ne7
31.Nd6 Rad8 32.Rac1 Nc5 33.Bxc5 bxc5 34.Qc4 Qg6 35.Kh1 Bg8 36.Qd3 Rxf4 37.Qe3 Rb4
38.Be4 Qe6 39.Qxc5 Bb6 40.Qc2 Qxe5 41.Nc4 Bxc4 42.bxc4 Rxd1+ 43.Nxd1 Qf4
44.Bg2 Bc7 45.Bh3 Rxc4 46.Nc3 Rxc3  0-1

[Event "TCh-NED 2009-10"]
[Site "Netherlands NED"]
[Date "2009.10.31"]
[Round "2"]
[White "Wantola,I"]
[Black "Van Kampen,R"]
[Result "0-1"]
[WhiteElo "2344"]
[BlackElo "2447"]

1.Nf3 d5 2.d4 Nf6 3.c4 c6 4.Nc3 dxc4 5.a4 Bf5 6.Nh4 Bd7 7.g3 g6 8.e4 Be6
9.Nf3 h6 10.Ne5 Bg7 11.Bxc4 Bxc4 12.Nxc4 O-O 13.O-O Nbd7 14.Be3 Nb6 15.Ne5 Nfd7
16.a5 Nxe5 17.axb6 Nc4 18.bxa7 Nxe3 19.fxe3 e5 20.d5 Qb6 21.Qa4 Qxe3+ 22.Kh1 b5
23.Qb3 cxd5 24.Qxd5 Rxa7 25.Rxa7 Qxa7 26.Nxb5 Qa6 27.Rf2 Kh7 28.Kg2 Qb6 29.Nc3 f5
30.Na4 Qe3 31.Rf3 Qc1 32.Qc5 Qb1 33.exf5 gxf5 34.Qf2 e4 35.Rf4 Ra8 36.Nb6 Rb8
37.Nc4 Rb4 38.Nd2 Qd3 39.Qc5 e3  0-1